000 00705cam a22002294a 4500
001 15947005
005 20180220091058.0
008 091015s2011 aa 001 0 eng
010 _a 2009042931
020 _a9780073527109 (alk. paper)
020 _a0073527106 (alk. paper)
040 _aDLC
_cDLC
041 _aeng
080 _a657 PHI
082 0 0 _a657 PHI
_222
100 1 _a62
101 _aKF
245 1 0 _aFundamentals of financial accounting /
_cFred Phillips, Robert Libby, Patricia A. Libby.
906 _a7
_bcbc
_corignew
_d1
_eecip
_f20
_gy-gencatlg
942 _2ddc
_cBK
999 _c42943
_d42943